<?xml version="1.0" encoding="UTF-8"?>
<record
    xmlns:xsi="http://www.w3.org/2001/XMLSchema-instance"
    xsi:schemaLocation="http://www.loc.gov/MARC21/slim http://www.loc.gov/standards/marcxml/schema/MARC21slim.xsd"
    xmlns="http://www.loc.gov/MARC21/slim">

  <leader>02319nam a22002777a 4500</leader>
  <controlfield tag="001">3635</controlfield>
  <controlfield tag="003">FISKH</controlfield>
  <controlfield tag="005">20250527162727.0</controlfield>
  <controlfield tag="008">240401b        cb ||||| |||| 00| 0 eng d</controlfield>
  <datafield tag="020" ind1=" " ind2=" ">
    <subfield code="a">9789995054380</subfield>
  </datafield>
  <datafield tag="040" ind1=" " ind2=" ">
    <subfield code="a">FISKH</subfield>
    <subfield code="b">khr</subfield>
    <subfield code="c">FISKH</subfield>
    <subfield code="d">FISKH</subfield>
  </datafield>
  <datafield tag="050" ind1=" " ind2=" ">
    <subfield code="a">PZ7 </subfield>
  </datafield>
  <datafield tag="082" ind1=" " ind2=" ">
    <subfield code="a">920</subfield>
  </datafield>
  <datafield tag="100" ind1=" " ind2=" ">
    <subfield code="a">Labb&#xE9;, Brigitte.</subfield>
  </datafield>
  <datafield tag="245" ind1=" " ind2=" ">
    <subfield code="a">&#x200B;&#x1781;&#x17D2;&#x1789;&#x17BB;&#x17C6;&#x1785;&#x1784;&#x17CB;&#x178A;&#x17B9;&#x1784;&#x1787;&#x17B8;&#x179C;&#x17B7;&#x178F;&#x179A;&#x1794;&#x179F;&#x17CB;...&#x17A2;&#x17B6;&#x1793;&#x17CB; &#x17A0;&#x17D2;&#x179C;&#x17D2;&#x179A;&#x17C2;&#x1784; /</subfield>
    <subfield code="c">&#x1793;&#x17B7;&#x1796;&#x1793;&#x17D2;&#x1792;&#x178A;&#x17C4;&#x1799; Brigitte Labb&#xE9; &#x1793;&#x17B7;&#x1784; Pierre-Fran&#xE7;ois Dumpont-Beurier &#x179A;&#x17BC;&#x1794;&#x1797;&#x17B6;&#x1796;&#x178A;&#x17C4;&#x1799; Jean-Pierre Joblin.</subfield>
  </datafield>
  <datafield tag="260" ind1=" " ind2=" ">
    <subfield code="a">Phnom Penh : </subfield>
    <subfield code="b">Sipar, </subfield>
    <subfield code="c">2010. </subfield>
  </datafield>
  <datafield tag="300" ind1=" " ind2=" ">
    <subfield code="a">44 pages : </subfield>
    <subfield code="b">color illustrations ; </subfield>
    <subfield code="c">20 cm </subfield>
  </datafield>
  <datafield tag="520" ind1=" " ind2=" ">
    <subfield code="a">&#x1798;&#x1793;&#x17BB;&#x179F;&#x17D2;&#x179F;&#x179A;&#x17B6;&#x1794;&#x17CB;&#x179B;&#x17B6;&#x1793;&#x1793;&#x17B6;&#x1780;&#x17CB;&#x1793;&#x17C5;&#x1780;&#x17D2;&#x1793;&#x17BB;&#x1784;&#x179B;&#x17C4;&#x1780;&#x1791;&#x17B6;&#x17C6;&#x1784;&#x1798;&#x17BC;&#x179B;&#x1794;&#x17B6;&#x1793;&#x17A2;&#x17B6;&#x1793;&#x1780;&#x17C6;&#x178E;&#x178F;&#x17CB;&#x17A0;&#x17C1;&#x178F;&#x17BB;&#x179B;&#x17C6;&#x17A2;&#x17B7;&#x178F; &#x178A;&#x17C2;&#x179B;&#x17A2;&#x17B6;&#x1793;&#x17CB; &#x17A0;&#x17D2;&#x179C;&#x17D2;&#x179A;&#x17C2;&#x1784;&#x1794;&#x17B6;&#x1793;&#x179F;&#x179A;&#x179F;&#x17C1;&#x179A;&#x1796;&#x17B8;&#x17A2;&#x17B6;&#x1799;&#x17BB; &#x17E1;&#x17E3;&#x178A;&#x179B;&#x17CB; &#x17E1;&#x17E5;&#x1786;&#x17D2;&#x1793;&#x17B6;&#x17C6;&#x17D4; &#x1781;&#x17D2;&#x179F;&#x17C2;&#x179A;&#x1787;&#x17B8;&#x179C;&#x17B7;&#x178F;&#x179A;&#x1794;&#x179F;&#x17CB;&#x17A2;&#x17B6;&#x1793;&#x17CB; &#x17A0;&#x17D2;&#x179C;&#x17D2;&#x179A;&#x17C2;&#x1784; &#x1785;&#x17B6;&#x1794;&#x17CB;&#x178F;&#x17B6;&#x17C6;&#x1784;&#x1796;&#x17B8;&#x179C;&#x17D0;&#x1799;&#x1780;&#x17BB;&#x1798;&#x17B6;&#x179A;&#x1797;&#x17B6;&#x1796;&#x1793;&#x17C5;&#x17A2;&#x17B6;&#x17A1;&#x17BA;&#x1798;&#x17C9;&#x1784;&#x17CB; &#x179A;&#x17A0;&#x17BC;&#x178F;&#x178A;&#x179B;&#x17CB;&#x1780;&#x17B6;&#x179A;&#x1785;&#x17B6;&#x1794;&#x17CB;&#x1781;&#x17D2;&#x179B;&#x17BD;&#x1793;&#x1793;&#x17B6;&#x1784;&#x1793;&#x17C5;&#x1796;&#x17C1;&#x17A2;&#x17CA;&#x17B8;&#x1794;&#x17B6;(&#x17A0;&#x17BC;&#x17A1;&#x1784;&#x17CB;) &#x178A;&#x17C4;&#x1799;&#x1796;&#x17BD;&#x1780;&#x178E;&#x17B6;&#x179F;&#x17CA;&#x17B8; &#x1794;&#x17B6;&#x1793;&#x1787;&#x17BD;&#x1799;&#x17B3;&#x17D2;&#x1799;&#x1799;&#x17BE;&#x1784;&#x1799;&#x179B;&#x17CB;&#x1785;&#x17D2;&#x1794;&#x17B6;&#x179F;&#x17CB;&#x1787;&#x17B6;&#x1784;&#x1798;&#x17C1;&#x179A;&#x17C0;&#x1793;&#x1794;&#x17D2;&#x179A;&#x179C;&#x178F;&#x17D2;&#x178F;&#x17B7;&#x179C;&#x17B7;&#x1791;&#x17D2;&#x1799;&#x17B6;&#x1793;&#x17B6;&#x1793;&#x17B6;&#x1791;&#x17C5;&#x1791;&#x17C0;&#x178F; : &#x179F;&#x1798;&#x17D2;&#x179B;&#x17B6;&#x1794;&#x17CB;&#x1787;&#x1793;&#x1787;&#x17B6;&#x178F;&#x17B7;&#x1787;&#x17D2;&#x179C;&#x17B7;&#x17A0;&#x17D2;&#x179C;&#x17E6;&#x179B;&#x17B6;&#x1793;&#x1793;&#x17B6;&#x1780;&#x17CB; &#x1782;&#x17BA;&#x179F;&#x1798;&#x17D2;&#x179B;&#x17B6;&#x1794;&#x17CB;&#x1798;&#x1793;&#x17BB;&#x179F;&#x17D2;&#x179F;&#x1787;&#x17B6;&#x178F;&#x17B7;&#x1798;&#x17D2;&#x1793;&#x17B6;&#x1780;&#x17CB; &#x1797;&#x17B6;&#x179C;&#x17C8;&#x1791;&#x17C4;&#x179B;&#x1798;&#x17BD;&#x1799; &#x17A2;&#x179F;&#x17CB;&#x17E6;&#x179B;&#x17B6;&#x1793;&#x178A;&#x1784;&#x17D4; </subfield>
  </datafield>
  <datafield tag="520" ind1=" " ind2=" ">
    <subfield code="a">Millions of people around the world read the detailed diary written by Anne Frank from the age of 13 to 15. Anne Frank's life story from her childhood in Germany to her capture in Peiba (Netherlands) by the Nazis has given us a better understanding of the lessons of history: Killing 6 million Jews is killing humanity. A single being 6 million times.</subfield>
  </datafield>
  <datafield tag="650" ind1=" " ind2=" ">
    <subfield code="a">&#x179A;&#x17BE;&#x179F;&#x17A2;&#x17BE;&#x1784;  </subfield>
    <subfield code="x">&#x1780;&#x17B6;&#x179A;&#x179F;&#x1798;&#x17D2;&#x179B;&#x17B6;&#x1794;&#x17CB;</subfield>
  </datafield>
  <datafield tag="650" ind1=" " ind2=" ">
    <subfield code="a">Discriminate </subfield>
    <subfield code="x">Killing </subfield>
  </datafield>
  <datafield tag="700" ind1=" " ind2=" ">
    <subfield code="a">Dumpont-Beurier, Pierre-Fran&#xE7;ois </subfield>
    <subfield code="e">Author </subfield>
  </datafield>
  <datafield tag="700" ind1=" " ind2=" ">
    <subfield code="a">Joblin, Jean-Pierre </subfield>
    <subfield code="e">illustrator</subfield>
  </datafield>
  <datafield tag="942" ind1=" " ind2=" ">
    <subfield code="2">ddc</subfield>
    <subfield code="c">KHB</subfield>
    <subfield code="n">0</subfield>
  </datafield>
  <datafield tag="999" ind1=" " ind2=" ">
    <subfield code="c">3635</subfield>
    <subfield code="d">3635</subfield>
  </datafield>
  <datafield tag="952" ind1=" " ind2=" ">
    <subfield code="0">0</subfield>
    <subfield code="1">0</subfield>
    <subfield code="2">ddc</subfield>
    <subfield code="4">0</subfield>
    <subfield code="7">0</subfield>
    <subfield code="8">KHMERNF</subfield>
    <subfield code="a">001</subfield>
    <subfield code="b">001</subfield>
    <subfield code="c">OKHR</subfield>
    <subfield code="d">2024-04-01</subfield>
    <subfield code="l">0</subfield>
    <subfield code="o">LAB 	920 PZ7 </subfield>
    <subfield code="p">FISTK03744</subfield>
    <subfield code="r">2024-04-01 15:06:51</subfield>
    <subfield code="t">1</subfield>
    <subfield code="w">2024-04-01</subfield>
    <subfield code="y">KHB</subfield>
  </datafield>
  <datafield tag="952" ind1=" " ind2=" ">
    <subfield code="0">0</subfield>
    <subfield code="1">0</subfield>
    <subfield code="2">ddc</subfield>
    <subfield code="4">0</subfield>
    <subfield code="7">0</subfield>
    <subfield code="8">KHMERNF</subfield>
    <subfield code="a">001</subfield>
    <subfield code="b">001</subfield>
    <subfield code="c">OKHR</subfield>
    <subfield code="d">2024-04-01</subfield>
    <subfield code="l">0</subfield>
    <subfield code="o">LAB 	920 PZ7 </subfield>
    <subfield code="p">FISTK03743</subfield>
    <subfield code="r">2024-04-04 14:06:22</subfield>
    <subfield code="t">2</subfield>
    <subfield code="w">2024-04-01</subfield>
    <subfield code="y">KHB</subfield>
  </datafield>
  <datafield tag="952" ind1=" " ind2=" ">
    <subfield code="0">0</subfield>
    <subfield code="1">0</subfield>
    <subfield code="2">ddc</subfield>
    <subfield code="4">0</subfield>
    <subfield code="7">0</subfield>
    <subfield code="8">KHMERNF</subfield>
    <subfield code="a">001</subfield>
    <subfield code="b">001</subfield>
    <subfield code="c">SKB</subfield>
    <subfield code="d">2024-04-01</subfield>
    <subfield code="l">1</subfield>
    <subfield code="o">LAB 	920 PZ7 </subfield>
    <subfield code="p">FIS02345</subfield>
    <subfield code="r">2025-03-13 10:17:27</subfield>
    <subfield code="s">2025-03-11</subfield>
    <subfield code="t">3</subfield>
    <subfield code="w">2024-04-01</subfield>
    <subfield code="y">KHB</subfield>
  </datafield>
  <datafield tag="952" ind1=" " ind2=" ">
    <subfield code="0">0</subfield>
    <subfield code="1">0</subfield>
    <subfield code="2">ddc</subfield>
    <subfield code="4">0</subfield>
    <subfield code="7">0</subfield>
    <subfield code="8">KHMERNF</subfield>
    <subfield code="a">002</subfield>
    <subfield code="b">002</subfield>
    <subfield code="c">SKB</subfield>
    <subfield code="d">2024-04-01</subfield>
    <subfield code="l">0</subfield>
    <subfield code="o">LAB 	920 PZ7 </subfield>
    <subfield code="p">FIS03782</subfield>
    <subfield code="r">2024-09-25 15:23:25</subfield>
    <subfield code="t">4</subfield>
    <subfield code="w">2024-04-01</subfield>
    <subfield code="y">KHB</subfield>
  </datafield>
  <datafield tag="952" ind1=" " ind2=" ">
    <subfield code="0">0</subfield>
    <subfield code="1">0</subfield>
    <subfield code="2">ddc</subfield>
    <subfield code="4">0</subfield>
    <subfield code="7">0</subfield>
    <subfield code="8">KHMERNF</subfield>
    <subfield code="a">002</subfield>
    <subfield code="b">002</subfield>
    <subfield code="c">TTP Khmer</subfield>
    <subfield code="d">2025-03-11</subfield>
    <subfield code="l">0</subfield>
    <subfield code="o">LAB 	920 PZ7 </subfield>
    <subfield code="p">FISSE02315</subfield>
    <subfield code="r">2025-03-11 16:06:33</subfield>
    <subfield code="t">5</subfield>
    <subfield code="w">2025-03-11</subfield>
    <subfield code="y">KHB</subfield>
  </datafield>
</record>
